| Tag |
First Indicator |
Second Indicator |
Subfields |
| LEADER |
00000cam a2200000 a 4500 |
| 001 |
in00000015515 |
| 005 |
20151007052532.0 |
| 007 |
he a|b||||||| |
| 008 |
880517r19841982miuab bb 00010 eng d |
| 035 |
|
|
|a (OCoLC)17961190
|
| 035 |
|
|
|9 AAA8185AM
|
| 040 |
|
|
|a TXA
|c TXA
|d UtOrBLW
|
| 043 |
|
|
|a nwbb---
|
| 049 |
|
|
|a TXAI
|
| 099 |
|
|
|a fiche
|a C
|a 9564
|
| 100 |
1 |
|
|a Harvey, Winston O'Neale.
|
| 245 |
1 |
0 |
|a Computer simulation of combine harvesting and handling of sugar cane in Barbados /
|c by Winston O'Neale Harvey.
|
| 264 |
|
1 |
|a [Place of publication not identified] :
|b [publisher not identified] ;
|c 1982.
|
| 300 |
|
|
|a xii, 250 leaves :
|b illustrations, maps.
|
| 336 |
|
|
|a text
|b txt
|2 rdacontent
|
| 337 |
|
|
|a microform
|b h
|2 rdamedia
|
| 338 |
|
|
|a microfiche
|b he
|2 rdacarrier
|
| 502 |
|
|
|b Ph. D.
|c Michigan State University
|d 1982.
|
| 504 |
|
|
|a Bibliography: leaves 246-250.
|
| 533 |
|
|
|a Microfiche.
|b Ann Arbor, Mich. :
|c University Microfilms International,
|d 1984.
|e 3 microfiches ; 11 x 15 cm.
|
| 500 |
|
|
|a Microform.
|
| 650 |
|
0 |
|a Sugarcane
|x Harvesting.
|
| 650 |
|
0 |
|a Sugarcane
|z Barbados.
|
| 999 |
|
|
|a MARS
|
| 999 |
f |
f |
|s ee565cfa-917b-30ef-a237-bf90ee91730e
|i a982692b-911f-3012-9690-f98245bc354d
|t 0
|
| 952 |
f |
f |
|p normal
|a Texas A&M University
|b College Station
|c Sterling C. Evans Library
|d Evans: Microforms (3rd floor)
|t 0
|e fiche C 9564
|h Other scheme
|i microform -- microfiche
|m A14823245927
|
| 998 |
f |
f |
|a fiche C 9564
|t 0
|l Evans: Microforms (3rd floor)
|